01127nam a2200265Ia 4500003000400000005001700004008004100021040002100062041001300083082002500096100002900121245016800150250003100318260005400349300008400403490003700487500012300524505004100647546002800688650001200716650002900728650002900757650001500786700006000801OSt20210806144640.0210310s1961 mx ad fr 001 0 spa d aCO-JMCRcCO-JMCR1 aspaheng04a332.494 /bT827c2231 aTriffin, Robert, eautor13aEl caos monetario : bdel bilateralismo a la casi convertibilidad en Europa 1947-1956 / cRobert Triffin ; traducción de María Teresa Márquez de Silva Herzog a1a. edición en español aMéxico : bFondo de Cultura Económica, c1961 axviii, 370 páginas : bilustraciones y gráficas a blanco y negro ; c22 cm.0 aSección de Obras de Economía aIncluye índice analítico. Título original: Europe and the Money Muddle: from Bilateralism to Near-Convertibility0 aLa escasez mundial de dólares --  aTraducido del inglés.14a Moneda24aDeflación (Economía)24aInflación (Economía)24aEconomía1 aMárquez de Silva Herzog, María Teresa, etraductora